000 00284nam a2200121Ia 4500
008 190216s9999||||xx |||||||||||||| ||und||
100 _aHodder D W
245 0 _aEconomic Development In The Topics
260 _bMethuen & Co
_c1968
300 _a263p
650 _aCommerce
942 _cBK
999 _c4763
_d4763